Guatemala: iniciativa política en manos de Rios Montt
Đã lưu trong:
| Định dạng: | Texto |
|---|---|
| Những chủ đề: | |
| Các nhãn: |
Thêm thẻ
Không có thẻ, Là người đầu tiên thẻ bản ghi này!
|
MARC
| LEADER | 00000 a a2200000 04500 | ||
|---|---|---|---|
| 001 | 17765 | ||
| 003 | |||
| 040 | |||
| 245 | |a Guatemala: |b iniciativa política en manos de Rios Montt | ||
| 650 | |a POLITICA | ||
| 650 | |a PARTIDOS POLITICOS | ||
| 650 | |a GUATEMALA | ||
| 773 | |g volumen 2, número 37; (1983) Página. 583 | ||
| 999 | |c 34028 |d 34028 | ||
| 773 | 0 | |0 42391 |9 4063 |a Agencia Latinoamericana de Información, ALAI |d Quito, Ecuador: ALAI |o 03907 |t ALAI: |x 08275564 (Servicio mensual de información y documentación) | |
